<?xml version="1.0" encoding="UTF-8"?>
<record
    xmlns:xsi="http://www.w3.org/2001/XMLSchema-instance"
    xsi:schemaLocation="http://www.loc.gov/MARC21/slim http://www.loc.gov/standards/marcxml/schema/MARC21slim.xsd"
    xmlns="http://www.loc.gov/MARC21/slim">

  <leader>00959nam a2200265   4500</leader>
  <controlfield tag="001">114319</controlfield>
  <controlfield tag="003">DR-UNIBE</controlfield>
  <controlfield tag="005">20260122160823.0</controlfield>
  <controlfield tag="008">260122b2012    dr ||||| |||| 00| 1 spa d</controlfield>
  <datafield tag="020" ind1=" " ind2=" ">
    <subfield code="a">9789945005400</subfield>
  </datafield>
  <datafield tag="040" ind1=" " ind2=" ">
    <subfield code="a">BIBLIOTECA UNIBE</subfield>
    <subfield code="b">spa</subfield>
    <subfield code="c">BIBLIOTECA UNIBE</subfield>
    <subfield code="e">rda</subfield>
  </datafield>
  <datafield tag="041" ind1=" " ind2=" ">
    <subfield code="a">spa</subfield>
  </datafield>
  <datafield tag="082" ind1=" " ind2=" ">
    <subfield code="a">RD 863.5 C422g </subfield>
  </datafield>
  <datafield tag="100" ind1="1" ind2="o">
    <subfield code="a">Grimaldi C&#xE9;spedes, V&#xED;ctor Manuel,</subfield>
    <subfield code="d">1949 -</subfield>
    <subfield code="9">17012</subfield>
    <subfield code="e">autor</subfield>
  </datafield>
  <datafield tag="245" ind1="1" ind2="3">
    <subfield code="a">La guerra de Pichirilo : </subfield>
    <subfield code="b">de Montecasino a Santo Domingo /</subfield>
    <subfield code="c">Manuel C&#xE9;spedes</subfield>
  </datafield>
  <datafield tag="250" ind1=" " ind2=" ">
    <subfield code="a">Primera edici&#xF3;n</subfield>
  </datafield>
  <datafield tag="260" ind1=" " ind2=" ">
    <subfield code="a">Santo Domingo : </subfield>
    <subfield code="b">Impresora Corripio, </subfield>
    <subfield code="c">2012</subfield>
  </datafield>
  <datafield tag="300" ind1=" " ind2=" ">
    <subfield code="a"> 113 p&#xE1;ginas :</subfield>
    <subfield code="c">21 x 14 cm</subfield>
  </datafield>
  <datafield tag="500" ind1=" " ind2=" ">
    <subfield code="a">Foto del autor en la solapa</subfield>
  </datafield>
  <datafield tag="650" ind1=" " ind2="7">
    <subfield code="2">lemb</subfield>
    <subfield code="a">Novela hist&#xF3;rica dominicana</subfield>
  </datafield>
  <datafield tag="650" ind1=" " ind2="7">
    <subfield code="2">lemb</subfield>
    <subfield code="a">Literatura dominicana</subfield>
  </datafield>
  <datafield tag="651" ind1=" " ind2="7">
    <subfield code="2">lemb</subfield>
    <subfield code="a"> Rep&#xFA;blica Dominicana </subfield>
    <subfield code="x">Historia</subfield>
    <subfield code="x"> Revoluci&#xF3;n de Abril de 1965 </subfield>
    <subfield code="9">194504</subfield>
  </datafield>
  <datafield tag="700" ind1="1" ind2="0">
    <subfield code="a">Le&#xF3;n de Saleme, Nin&#xF3;n</subfield>
    <subfield code="9">144875</subfield>
    <subfield code="e">dise&#xF1;ador</subfield>
    <subfield code="e">arte final</subfield>
  </datafield>
  <datafield tag="942" ind1=" " ind2=" ">
    <subfield code="2">ddc</subfield>
    <subfield code="c">BK</subfield>
  </datafield>
  <datafield tag="999" ind1=" " ind2=" ">
    <subfield code="c">114319</subfield>
    <subfield code="d">114319</subfield>
  </datafield>
  <datafield tag="952" ind1=" " ind2=" ">
    <subfield code="0">0</subfield>
    <subfield code="1">0</subfield>
    <subfield code="2">ddc</subfield>
    <subfield code="7">0</subfield>
    <subfield code="8">GEN-RD</subfield>
    <subfield code="a">Principal</subfield>
    <subfield code="d">2025-11-12</subfield>
    <subfield code="l">0</subfield>
    <subfield code="o">RD 863.5 C422g </subfield>
    <subfield code="p">260042</subfield>
    <subfield code="r">2026-01-22 16:02:39</subfield>
    <subfield code="t">Ej. 1</subfield>
    <subfield code="w">2026-01-22</subfield>
    <subfield code="y">BK</subfield>
  </datafield>
</record>
